000 00595nam a22001697a 4500
003 OSt
005 20260319115824.0
008 260319b |||||||| |||| 00| 0 eng d
040 _cMRSPTU
041 _aEnglish
100 _aDiksha Thakur, Supervisor: Dr. Ashish Baldi
245 _aFormulation Development and Optimization of Enteric Coated Tablet of Artemether Through Solid Dispersion
260 _bDepartment of Pharmacy, MRSPTU, Bathinda
_c2025
650 _aPharmaceutical Sciences and Technology
856 _uhttp://163.47.215.52:8080/jspui/handle/123456789/963
942 _2ddc
_cTH
_n0
999 _c11196
_d11196